[Event "Stockholm Elo Challenge"]
[Site "Stockholm"]
[Date "2019.06.01"]
[Round "5"]
[White "Mayrany, Fargalla"]
[Black "Molin, Nils"]
[Result "0-1"]
[WhiteElo "1863"]
[BlackElo "1816"]
[PlyCount "46"]
[EventDate "2019.05.29"]
[EventType "swiss"]
[EventRounds "7"]
[EventCountry "SWE"]
[SourceTitle "CBM 190 Extra"]
[Source "ChessBase"]
[SourceDate "2019.07.15"]
[SourceVersion "1"]
[SourceVersionDate "2019.07.15"]
[SourceQuality "1"]

1. Nf3 Nf6 2. c4 g6 3. Nc3 Bg7 4. d4 d6 5. g3 0-0 6. Bg2 Nc6 7. 0-0 e5 8. e4 Bg4 9. Be3 exd4 10. Bxd4 Nxd4 11. Qxd4 Re8 12. Qd3 Qd7 13. Rfe1 a6 14. Nd4 Bh3 15. Bh1 Rab8 16. Rad1 Re5 17. Nde2 g5 18. f3 b5 19. Nd5 bxc4 20. Qxc4 Nxd5 21. exd5 Rxb2 22. Rb1 Rexe2 23. Qxe2 Bd4+ 0-1

[Event "Stockholm Elo Challenge"]
[Site "Stockholm"]
[Date "2019.05.31"]
[Round "4"]
[White "Molin, Nils"]
[Black "Sjostrand, Joel"]
[Result "1-0"]
[WhiteElo "1816"]
[BlackElo "1977"]
[PlyCount "91"]
[EventDate "2019.05.29"]
[EventType "swiss"]
[EventRounds "7"]
[EventCountry "SWE"]
[SourceTitle "CBM 190 Extra"]
[Source "ChessBase"]
[SourceDate "2019.07.15"]
[SourceVersion "1"]
[SourceVersionDate "2019.07.15"]
[SourceQuality "1"]

1. e4 d6 2. Nf3 Nf6 3. d3 Bg4 4. h3 Bxf3 5. Qxf3 e6 6. Qg3 c5 7. Be2 Nc6 8. 0-0 Nd4 9. Bd1 e5 10. f4 exf4 11. Bxf4 Ne6 12. Be3 d5 13. e5 Nd7 14. c3 d4 15. cxd4 cxd4 16. Bf4 Qb6 17. Bb3 Ndc5 18. Nd2 Nxb3 19. axb3 Bc5 20. Ne4 Rd8 21. Rac1 0-0 22. Bh6 Be7 23. Rf6 Bxf6 24. Nxf6+ Kh8 25. Bxg7+ Nxg7 26. Qh4 Qxf6 27. Qxf6 Kg8 28. Rc7 Rb8 29. Qg5 b5 30. e6 a6 31. Rd7 h6 32. Qg4 h5 33. Qg5 Rb6 34. e7 Re8 35. Rd8 Rb8 36. b4 Kh7 37. Rxd4 Rb7 38. Re4 Rb6 39. d4 Rg6 40. Qd5 Rf6 41. Qd7 Re6 42. Rxe6 fxe6 43. Qb7 Nf5 44. Qxa6 Rxe7 45. Qxb5 Nxd4 46. Qxh5+ 1-0